[Event "Varennes op"]
[Site "Varennes CAN"]
[Date "2012.11.17"]
[Round "3"]
[White "Turcotte, Jonathan"]
[Black "Kleinman, Michael"]
[Result "0-1"]
[WhiteElo "1899"]
[BlackElo "2258"]
[PlyCount "68"]
[GameId "2160767909411438"]
[EventDate "2012.11.16"]
[EventType "swiss"]
[EventRounds "5"]
[EventCountry "CAN"]
[SourceTitle "EXT 2022"]
[Source "ChessBase"]
[SourceDate "2021.10.06"]
[SourceVersion "1"]
[SourceVersionDate "2021.10.06"]
[SourceQuality "1"]

1. d4 Nf6 2. Nf3 g6 3. c4 Bg7 4. Nc3 d5 5. cxd5 Nxd5 6. e4 Nxc3 7. bxc3 c5 8. Rb1 O-O 9. Be2 b6 10. O-O Bb7 11. Qd3 e6 12. e5 cxd4 13. cxd4 Qd5 14. Qc4 Rc8 15. Qxd5 Bxd5 16. a4 Nc6 17. Be3 Ne7 18. Rfc1 Bf8 19. Ba6 Rc6 20. Bb5 Rxc1+ 21. Rxc1 a6 22. Be2 Bc6 23. Bd1 Rc8 24. Nd2 Nd5 25. Ne4 Ba3 26. Rc2 Kg7 27. Bc1 Be7 28. f3 Nb4 29. Rc3 Rd8 30. Be3 Be8 31. Rc1 Nc6 32. Rb1 Nxd4 33. Rxb6 Nf5 34. Bd2 Rxd2 0-1

[Event "Varennes op"]
[Site "Varennes CAN"]
[Date "2012.11.17"]
[Round "3"]
[White "Weston, Paul"]
[Black "Le Duin, Thierry"]
[Result "0-1"]
[WhiteElo "1994"]
[BlackElo "2081"]
[PlyCount "56"]
[GameId "2160767909411439"]
[EventDate "2012.11.16"]
[EventType "swiss"]
[EventRounds "5"]
[EventCountry "CAN"]
[SourceTitle "EXT 2022"]
[Source "ChessBase"]
[SourceDate "2021.10.06"]
[SourceVersion "1"]
[SourceVersionDate "2021.10.06"]
[SourceQuality "1"]

1. e4 d5 2. exd5 Nf6 3. d4 Bg4 4. Nf3 Qxd5 5. Be2 Nc6 6. c4 Qh5 7. Be3 O-O-O 8. Nbd2 e6 9. a3 Be7 10. O-O Bd6 11. b4 Bxh2+ 12. Nxh2 Bxe2 13. Qa4 Bxf1 14. Rxf1 Nxd4 15. Bxd4 Rxd4 16. Qxa7 Rhd8 17. Ndf3 Rxc4 18. Qa8+ Kd7 19. Qxb7 Ke8 20. Qa6 Rc3 21. Qa4+ Kf8 22. Rd1 Rxd1+ 23. Qxd1 Qd5 24. Qa4 Rc1+ 25. Nf1 Ng4 26. Qa7 Qd3 27. Qb8+ Ke7 28. Ne1 Qd4 0-1

[Event "Varennes op"]
[Site "Varennes CAN"]
[Date "2012.11.18"]
[Round "3"]
[White "Libersan, Thierry"]
[Black "Chiku-Ratte, Olivier-Kenta"]
[Result "1-0"]
[WhiteElo "2086"]
[BlackElo "2204"]
[PlyCount "117"]
[GameId "2160767909411440"]
[EventDate "2012.11.16"]
[EventType "swiss"]
[EventRounds "5"]
[EventCountry "CAN"]
[SourceTitle "EXT 2022"]
[Source "ChessBase"]
[SourceDate "2021.10.06"]
[SourceVersion "1"]
[SourceVersionDate "2021.10.06"]
[SourceQuality "1"]

1. c4 c5 2. Nf3 Nf6 3. g3 g6 4. Bg2 Bg7 5. Nc3 O-O 6. O-O Nc6 7. Rb1 b6 8. a3 Bb7 9. b4 d6 10. Qb3 Qc8 11. Bb2 Nd4 12. Nxd4 Bxg2 13. Kxg2 cxd4 14. Nd5 Nxd5 15. cxd5 Qf5 16. Rfc1 e6 17. Qf3 Rac8 18. Qxf5 gxf5 19. dxe6 fxe6 20. b5 Kf7 21. a4 e5 22. f4 Ke6 23. d3 Kd5 24. Kf3 e4+ 25. Kf2 exd3 26. exd3 Rc5 27. Ke2 h5 28. Ba3 Rc3 29. Bb4 Rcc8 30. Kd2 Bf6 31. Rxc8 Rxc8 32. Rc1 Rxc1 33. Kxc1 Ke6 34. Kd1 Bg7 35. Ke2 Bf6 36. Kf3 Bg7 37. h3 Bh8 38. g4 hxg4+ 39. hxg4 fxg4+ 40. Kxg4 Bf6 41. Be1 Be7 42. f5+ Kd5 43. Bd2 Ke5 44. Bf4+ Kd5 45. Kh5 Kc5 46. Bd2 Kd5 47. Kg6 Ke5 48. Bg5 Bf8 49. Bf6+ Kf4 50. Bxd4 Kf3 51. Bg7 Be7 52. Kf7 Bg5 53. Ke6 Ke3 54. d4 Ke4 55. d5 Kd3 56. Kxd6 Kc4 57. Kc6 Kb4 58. f6 Kxa4 59. d6 1-0

[Event "Varennes op"]
[Site "Varennes CAN"]
[Date "2012.11.18"]
[Round "4"]
[White "Chiku-Ratte, Olivier-Kenta"]
[Black "Le Duin, Thierry"]
[Result "1-0"]
[WhiteElo "2204"]
[BlackElo "2081"]
[PlyCount "65"]
[GameId "2160767909411441"]
[EventDate "2012.11.16"]
[EventType "swiss"]
[EventRounds "5"]
[EventCountry "CAN"]
[SourceTitle "EXT 2022"]
[Source "ChessBase"]
[SourceDate "2021.10.06"]
[SourceVersion "1"]
[SourceVersionDate "2021.10.06"]
[SourceQuality "1"]

1. d4 Nf6 2. c4 c5 3. d5 b5 4. cxb5 a6 5. b6 d6 6. Nc3 Nbd7 7. a4 a5 8. e4 Nxb6 9. f4 g6 10. Nf3 Bg7 11. Bb5+ Bd7 12. e5 dxe5 13. fxe5 Ng4 14. Bf4 O-O 15. O-O Bxb5 16. axb5 f6 17. e6 g5 18. Bc1 Qd6 19. h3 Ne5 20. Nxe5 Qxe5 21. Qf3 h6 22. Qf5 Qxf5 23. Rxf5 Nc4 24. Ne4 Nd6 25. Nxd6 exd6 26. Bd2 a4 27. Bc3 Kh7 28. g4 Kg6 29. b6 Rfb8 30. Raf1 Rf8 31. b7 Rab8 32. e7 Rf7 33. Re1 1-0

[Event "Varennes op"]
[Site "Varennes CAN"]
[Date "2012.11.18"]
[Round "4"]
[White "Kleinman, Michael"]
[Black "Dupuis, Stephane"]
[Result "1-0"]
[WhiteElo "2258"]
[BlackElo "2153"]
[PlyCount "93"]
[GameId "2160767909411442"]
[EventDate "2012.11.16"]
[EventType "swiss"]
[EventRounds "5"]
[EventCountry "CAN"]
[SourceTitle "EXT 2022"]
[Source "ChessBase"]
[SourceDate "2021.10.06"]
[SourceVersion "1"]
[SourceVersionDate "2021.10.06"]
[SourceQuality "1"]

1. e4 e5 2. Nf3 Nc6 3. Bb5 a6 4. Ba4 Nf6 5. O-O Be7 6. Re1 b5 7. Bb3 d6 8. c3 O-O 9. h3 Na5 10. Bc2 c5 11. d4 cxd4 12. cxd4 Qc7 13. Bd2 Nc4 14. Bc3 a5 15. b3 Na3 16. Nxa3 Qxc3 17. Nxb5 Qb4 18. Bd3 a4 19. a3 Qxb3 20. Qe2 Nh5 21. Nd2 Nf4 22. Nxb3 Nxe2+ 23. Rxe2 axb3 24. d5 Bd7 25. Rb2 Rfb8 26. Rxb3 Ra4 27. Nd4 Rxb3 28. Nxb3 Kf8 29. Kf1 Bd8 30. Nd2 Bb6 31. Rb1 Bc5 32. Nc4 Ke7 33. Rb7 Kd8 34. Ke2 Kc8 35. Rb3 Kc7 36. f3 Bc8 37. Rc3 Ba6 38. Nxe5 f6 39. Nc6 Bxd3+ 40. Kxd3 Kd7 41. Rb3 Rxa3 42. Rxa3 Bxa3 43. Nd4 g6 44. Kc4 h5 45. Ne6 Ke7 46. Nf4 Kf7 47. Nd3 1-0

[Event "Varennes op"]
[Site "Varennes CAN"]
[Date "2012.11.18"]
[Round "4"]
[White "Masse, Hugues"]
[Black "Libersan, Thierry"]
[Result "1/2-1/2"]
[WhiteElo "2217"]
[BlackElo "2086"]
[PlyCount "147"]
[GameId "2160767909411443"]
[EventDate "2012.11.16"]
[EventType "swiss"]
[EventRounds "5"]
[EventCountry "CAN"]
[SourceTitle "EXT 2022"]
[Source "ChessBase"]
[SourceDate "2021.10.06"]
[SourceVersion "1"]
[SourceVersionDate "2021.10.06"]
[SourceQuality "1"]

1. d4 f5 2. g3 Nf6 3. Bg2 d5 4. Nf3 e6 5. O-O Bd6 6. c4 c6 7. b3 Qe7 8. Bb2 O-O 9. Qc1 Bd7 10. Ba3 Bxa3 11. Qxa3 Qxa3 12. Nxa3 Be8 13. Nc2 Bh5 14. Nb4 Nbd7 15. Rac1 a5 16. Nd3 a4 17. b4 Ne4 18. Rfe1 Nb6 19. cxd5 exd5 20. Nc5 Nc4 21. Ne5 Ned6 22. Nxc4 Nxc4 23. b5 Bf7 24. bxc6 bxc6 25. Rb1 a3 26. e3 Rfb8 27. Nb3 Rb4 28. Rbc1 Kf8 29. Rc3 Ke7 30. Rec1 Kd6 31. Bf1 Be6 32. Bd3 g5 33. R1c2 h6 34. Nc5 Rab8 35. Bxc4 Rxc4 36. Rxc4 dxc4 37. Nxe6 Kxe6 38. Rxc4 Rb2 39. Rxc6+ Kd5 40. Rc5+ Ke4 41. Re5+ Kd3 42. Rxf5 Rxa2 43. Ra5 Ke2 44. Kg2 g4 45. h3 gxh3+ 46. Kxh3 Kxf2 47. d5 Kf3 48. d6 Ra1 49. Kh2 Ra2+ 50. Kh3 Ra1 51. Rf5+ Kxe3 52. d7 Rd1 53. Ra5 Rxd7 54. Rxa3+ Kf2 55. Ra6 Rd3 56. Ra2+ Kf3 57. Ra4 Kf2 58. Kh4 Rd6 59. Rf4+ Kg2 60. Ra4 Rf6 61. g4 Rb6 62. Ra2+ Kf3 63. Ra3+ Kf4 64. Ra5 Rf6 65. Kh5 Rb6 66. Rf5+ Kg3 67. Ra5 Rc6 68. Ra3+ Kf4 69. Ra4+ Kg3 70. Ra3+ Kf4 71. Kh4 Rb6 72. Ra1 Kf3 73. Rf1+ Kg2 74. Ra1 1/2-1/2

[Event "Varennes op"]
[Site "Varennes CAN"]
[Date "2012.11.18"]
[Round "4"]
[White "Turcotte, Jonathan"]
[Black "Girouard, Michel"]
[Result "1-0"]
[WhiteElo "1899"]
[BlackElo "1874"]
[PlyCount "47"]
[GameId "2160767909411444"]
[EventDate "2012.11.16"]
[EventType "swiss"]
[EventRounds "5"]
[EventCountry "CAN"]
[SourceTitle "EXT 2022"]
[Source "ChessBase"]
[SourceDate "2021.10.06"]
[SourceVersion "1"]
[SourceVersionDate "2021.10.06"]
[SourceQuality "1"]

1. d4 d5 2. Nf3 c6 3. c4 Nf6 4. Nc3 e6 5. Bg5 Be7 6. e3 O-O 7. Rc1 b6 8. Bd3 Bb7 9. O-O Nbd7 10. Qe2 Rc8 11. Rfd1 dxc4 12. Bxc4 Nd5 13. Bxe7 Qxe7 14. Ba6 N7f6 15. h3 Rfd8 16. Ne5 c5 17. dxc5 Bxa6 18. Qxa6 Rxc5 19. Nxd5 exd5 20. Nc6 Rxc6 21. Rxc6 g6 22. Rc8 Rxc8 23. Qxc8+ Kg7 24. Rc1 1-0

[Event "Varennes op"]
[Site "Varennes CAN"]
[Date "2012.11.18"]
[Round "4"]
[White "Weston, Paul"]
[Black "Roy, Myriam"]
[Result "1-0"]
[WhiteElo "1994"]
[BlackElo "2009"]
[PlyCount "80"]
[GameId "2160767909411445"]
[EventDate "2012.11.16"]
[EventType "swiss"]
[EventRounds "5"]
[EventCountry "CAN"]
[SourceTitle "EXT 2022"]
[Source "ChessBase"]
[SourceDate "2021.10.06"]
[SourceVersion "1"]
[SourceVersionDate "2021.10.06"]
[SourceQuality "1"]

1. e4 c5 2. Nf3 Nc6 3. d4 cxd4 4. Nxd4 Nf6 5. Nc3 d6 6. Bg5 e6 7. Qd2 Be7 8. O-O-O Nxd4 9. Qxd4 O-O 10. f4 Qa5 11. e5 dxe5 12. Qxe5 Qxe5 13. fxe5 Nd5 14. Bxe7 Nxe7 15. Bd3 Bd7 16. Bxh7+ Kxh7 17. Rxd7 Nc6 18. Re1 b6 19. Nb5 Rad8 20. Rc7 Rc8 21. Rxc8 Rxc8 22. Re4 Rd8 23. c3 Rd5 24. a4 a5 25. Nd6 Nxe5 26. Nc8 Nd7 27. Ne7 Rh5 28. h3 g6 29. Rd4 Nf6 30. Nc8 Nd5 31. c4 Ne3 32. Nxb6 Nxg2 33. Nd7 Rxh3 34. Ne5 f5 35. c5 Kg7 36. c6 Rh8 37. c7 Rc8 38. Rd7+ Kf6 39. Nc4 e5 40. Nb6 Ke6 1-0

[Event "Varennes op"]
[Site "Varennes CAN"]
[Date "2012.11.18"]
[Round "5"]
[White "Barre, Michel"]
[Black "Turcotte, Jonathan"]
[Result "1-0"]
[WhiteElo "1882"]
[BlackElo "1899"]
[PlyCount "121"]
[GameId "2160767909411446"]
[EventDate "2012.11.16"]
[EventType "swiss"]
[EventRounds "5"]
[EventCountry "CAN"]
[SourceTitle "EXT 2022"]
[Source "ChessBase"]
[SourceDate "2021.10.06"]
[SourceVersion "1"]
[SourceVersionDate "2021.10.06"]
[SourceQuality "1"]

1. e4 c6 2. d4 d5 3. e5 c5 4. dxc5 Nc6 5. Nf3 Bg4 6. Bb5 Qa5+ 7. Nc3 e6 8. Be3 Nge7 9. a3 Nf5 10. Bd4 Bxf3 11. gxf3 Nfxd4 12. Qxd4 Qxb5 13. Nxb5 Nxd4 14. Nxd4 Bxc5 15. c3 Rc8 16. Kd2 a6 17. h4 h5 18. Rhg1 g6 19. f4 Kd7 20. Rgf1 Be7 21. Rh1 Rc4 22. Rh3 Rhc8 23. Rd1 Bd8 24. Ke1 Ke8 25. Kf1 b5 26. Kg2 Bb6 27. Rhd3 Ba7 28. Kg3 Rb8 29. Nb3 Ra4 30. Nd4 Kd7 31. Nc2 Rc4 32. Kf3 a5 33. Ne3 Rc7 34. Nc2 Ke8 35. R1d2 Bc5 36. b4 Be7 37. Kg3 Rc4 38. Nd4 Kd7 39. Rb2 a4 40. Rbd2 Kc7 41. Rd1 Kb6 42. Ne2 Rbc8 43. f3 Ka6 44. R1d2 Bd8 45. Rc2 Bb6 46. Rcd2 Kb7 47. Rd1 R8c7 48. Rc1 Kc8 49. Rcd1 Kd7 50. R1d2 Ke7 51. Rd1 R7c6 52. Nd4 Bxd4 53. cxd4 Rc2 54. Re1 Rb2 55. Ree3 Rcc2 56. f5 exf5 57. Rc3 f6 58. Kf4 fxe5+ 59. Rxe5+ Kd6 60. Rce3 Rc6 61. Re7 1-0

[Event "Varennes op"]
[Site "Varennes CAN"]
[Date "2012.11.18"]
[Round "5"]
[White "Girouard, Michel"]
[Black "Weston, Paul"]
[Result "0-1"]
[WhiteElo "1874"]
[BlackElo "1994"]
[PlyCount "62"]
[GameId "2160767909411447"]
[EventDate "2012.11.16"]
[EventType "swiss"]
[EventRounds "5"]
[EventCountry "CAN"]
[SourceTitle "EXT 2022"]
[Source "ChessBase"]
[SourceDate "2021.10.06"]
[SourceVersion "1"]
[SourceVersionDate "2021.10.06"]
[SourceQuality "1"]

1. Nf3 c5 2. c4 g6 3. g3 Bg7 4. Bg2 Nc6 5. O-O d6 6. Nc3 e5 7. d3 Nge7 8. Rb1 O-O 9. a3 a5 10. Bd2 h6 11. Nb5 f5 12. e4 g5 13. h3 Ng6 14. Nh2 f4 15. g4 Nd4 16. Nxd4 exd4 17. f3 a4 18. b4 axb3 19. Qxb3 Ra7 20. Rf2 Bd7 21. Bc1 Bc6 22. Ra2 Qa8 23. Bf1 Ne5 24. Be2 Bf6 25. Rba1 Ba4 26. Qb1 Rb8 27. Bd2 Bd8 28. Be1 Kg7 29. Bd1 b5 30. Rb2 Bxd1 31. Qxd1 bxc4 0-1

[Event "Varennes op"]
[Site "Varennes CAN"]
[Date "2012.11.18"]
[Round "5"]
[White "Le Duin, Thierry"]
[Black "Roy, Myriam"]
[Result "1/2-1/2"]
[WhiteElo "2081"]
[BlackElo "2009"]
[PlyCount "42"]
[GameId "2160767909411448"]
[EventDate "2012.11.16"]
[EventType "swiss"]
[EventRounds "5"]
[EventCountry "CAN"]
[SourceTitle "EXT 2022"]
[Source "ChessBase"]
[SourceDate "2021.10.06"]
[SourceVersion "1"]
[SourceVersionDate "2021.10.06"]
[SourceQuality "1"]

1. d4 d5 2. Nf3 Nf6 3. c3 e6 4. Bg5 Be7 5. Nbd2 b6 6. e3 Bb7 7. Bd3 Nbd7 8. O-O O-O 9. Ne5 Ne4 10. Bxe7 Qxe7 11. f4 Nxd2 12. Qxd2 f5 13. Qe2 Nxe5 14. fxe5 c5 15. Qh5 Bc6 16. Rf3 Be8 17. Qh3 c4 18. Bc2 Qg5 19. Rg3 Qh5 20. Bd1 Qxh3 21. Rxh3 a5 1/2-1/2

[Event "Varennes op"]
[Site "Varennes CAN"]
[Date "2012.11.18"]
[Round "5"]
[White "Libersan, Thierry"]
[Black "Kleinman, Michael"]
[Result "1/2-1/2"]
[WhiteElo "2086"]
[BlackElo "2258"]
[PlyCount "48"]
[GameId "2160767909411449"]
[EventDate "2012.11.16"]
[EventType "swiss"]
[EventRounds "5"]
[EventCountry "CAN"]
[SourceTitle "EXT 2022"]
[Source "ChessBase"]
[SourceDate "2021.10.06"]
[SourceVersion "1"]
[SourceVersionDate "2021.10.06"]
[SourceQuality "1"]

1. e4 c5 2. Nf3 e6 3. Nc3 Nc6 4. d4 cxd4 5. Nxd4 Qc7 6. Be3 a6 7. Be2 Nf6 8. O-O Bb4 9. Na4 O-O 10. Nxc6 bxc6 11. Nb6 Rb8 12. Nxc8 Rfxc8 13. Bxa6 Rf8 14. Bd3 Bd6 15. f4 e5 16. f5 Rxb2 17. g4 Qa5 18. g5 Ne8 19. a4 Bc5 20. Bxc5 Qxc5+ 21. Kh1 d5 22. f6 Qe3 23. Qg4 g6 24. exd5 h5 1/2-1/2

[Event "Varennes op"]
[Site "Varennes CAN"]
[Date "2012.11.18"]
[Round "5"]
[White "Masse, Hugues"]
[Black "Chiku-Ratte, Olivier-Kenta"]
[Result "0-1"]
[WhiteElo "2217"]
[BlackElo "2204"]
[PlyCount "100"]
[GameId "2160767909411450"]
[EventDate "2012.11.16"]
[EventType "swiss"]
[EventRounds "5"]
[EventCountry "CAN"]
[SourceTitle "EXT 2022"]
[Source "ChessBase"]
[SourceDate "2021.10.06"]
[SourceVersion "1"]
[SourceVersionDate "2021.10.06"]
[SourceQuality "1"]

1. d4 Nf6 2. c4 c5 3. d5 e6 4. Nc3 exd5 5. cxd5 d6 6. e4 g6 7. Bd3 Bg7 8. h3 O-O 9. Nf3 b5 10. Nxb5 Re8 11. O-O Nxe4 12. Qa4 a6 13. Bxe4 Bd7 14. Bd3 Qb6 15. Ng5 axb5 16. Qh4 h6 17. Nxf7 Kxf7 18. Bxh6 Bf6 19. Bg5 Rh8 20. Qg3 Qd8 21. Bf4 Bf5 22. Bxf5 gxf5 23. Bxd6 Rg8 24. Qf4 Ra4 25. Qh2 Ra6 26. Bxc5 Qxd5 27. Bb4 Be5 28. Qh1 Rxg2+ 29. Qxg2 Rg6 30. Qxg6+ Kxg6 31. Bc3 Bf4 32. Rfd1 Qf3 33. Rd8 Qxh3 34. Rg8+ Kf7 35. Rh8 Qg4+ 36. Kf1 Nd7 37. Re1 Nf8 38. Bb4 Ne6 39. Bc3 Ng5 40. Ree8 Qd1+ 41. Kg2 Qf3+ 42. Kf1 Ne6 43. Ra8 Be3 44. Be1 Bd4 45. Rhg8 Qh1+ 46. Ke2 Nf4+ 47. Kd2 Bc5 48. Kd1 Qf3+ 49. Kc1 Nd3+ 50. Kd2 Bb4+ 0-1

[Event "Willowdale CC ch"]
[Site "Toronto CAN"]
[Date "2012.02.07"]
[Round "1"]
[White "Chernik, Dmitry"]
[Black "Zeromskis, Egidijus"]
[Result "1-0"]
[WhiteElo "2026"]
[BlackElo "2247"]
[PlyCount "106"]
[GameId "2160767909572654"]
[EventDate "2012.02.07"]
[EventType "tourn"]
[EventRounds "5"]
[EventCountry "CAN"]
[SourceTitle "EXT 2022"]
[Source "ChessBase"]
[SourceDate "2021.10.06"]
[SourceVersion "1"]
[SourceVersionDate "2021.10.06"]
[SourceQuality "1"]

1. e4 g6 2. d4 Bg7 3. Be3 d6 4. h3 b6 5. Bd3 c5 6. c3 Bb7 7. Ne2 Nf6 8. f3 Nbd7 9. Na3 a6 10. Qd2 b5 11. dxc5 dxc5 12. Rd1 Qc7 13. Bf4 e5 14. Bh6 O-O 15. Bxg7 Kxg7 16. c4 b4 17. Nc2 Rad8 18. Ne3 Nb8 19. Ng3 Ng8 20. b3 a5 21. Nd5 Qd6 22. O-O Nc6 23. Ne2 f6 24. Qe3 Nd4 25. Nxd4 exd4 26. Qf4 Qxf4 27. Nxf4 Rfe8 28. Nd5 Nh6 29. a3 Bxd5 30. cxd5 Rb8 31. a4 Nf7 32. Rc1 Rbc8 33. Rfe1 Nd6 34. Rc2 c4 35. Bxc4 Rc5 36. Rd1 f5 37. exf5 Nxf5 38. Bd3 Rxc2 39. Bxc2 Ne3 40. Rd2 Rc8 41. Be4 Kf6 42. Rxd4 Ke5 43. Rd2 Kd6 44. Kf2 Nf5 45. Bxf5 gxf5 46. Ke3 Rc3+ 47. Rd3 Rc2 48. g4 Rh2 49. Kf4 Rxh3 50. Kxf5 Rh1 51. g5 Rc1 52. f4 Rc3 53. Ke4 Rc1 1-0

[Event "Willowdale CC ch"]
[Site "Toronto CAN"]
[Date "2012.02.07"]
[Round "1"]
[White "Ivanov, Mike"]
[Black "Strugach, Alexander"]
[Result "1-0"]
[WhiteElo "2196"]
[BlackElo "1972"]
[PlyCount "89"]
[GameId "2160767909572655"]
[EventDate "2012.02.07"]
[EventType "tourn"]
[EventRounds "5"]
[EventCountry "CAN"]

1. Nc3 d5 2. e4 dxe4 3. Nxe4 e6 4. d4 Nf6 5. Nxf6+ Qxf6 6. Nf3 h6 7. Bd3 Bd6 8. O-O O-O 9. Qe2 Nc6 10. Qe4 Qf5 11. Qh4 Be7 12. Qg3 Bd6 13. Qxd6 cxd6 14. Bxf5 exf5 15. c4 d5 16. cxd5 Nb4 17. d6 Rd8 18. Bd2 Nd5 19. Rfe1 Be6 20. Rac1 Rxd6 21. Kf1 Rad8 22. Re5 Kh7 23. h4 Ra6 24. a3 Rad6 25. g3 R8d7 26. Ree1 Rd8 27. Re5 R8d7 28. Ree1 Rd8 29. Rc2 Rc8 30. Rec1 Rxc2 31. Rxc2 Rb6 32. b4 Ra6 33. Bc1 Ra4 34. Bb2 a5 35. b5 Nb6 36. Rc7 Nc4 37. Bc1 Nxa3 38. Rxb7 Bc4+ 39. Ke1 Nxb5 40. Ne5 Nxd4 41. Nxf7 Ra1 42. Ne5 Rxc1+ 43. Kd2 Rc2+ 44. Ke3 f4+ 45. Kxd4 1-0

[Event "Willowdale CC ch"]
[Site "Toronto CAN"]
[Date "2012.02.14"]
[Round "2"]
[White "Chernik, Dmitry"]
[Black "Ivanov, Mike"]
[Result "0-1"]
[WhiteElo "2026"]
[BlackElo "2196"]
[PlyCount "60"]
[GameId "2160767909572656"]
[EventDate "2012.02.07"]
[EventType "tourn"]
[EventRounds "5"]
[EventCountry "CAN"]
[SourceTitle "EXT 2022"]
[Source "ChessBase"]
[SourceDate "2021.10.06"]
[SourceVersion "1"]
[SourceVersionDate "2021.10.06"]
[SourceQuality "1"]

1. e4 c5 2. Nc3 g6 3. f4 Bg7 4. Nf3 Nc6 5. Bb5 Nd4 6. O-O Nxb5 7. Nxb5 d5 8. exd5 a6 9. Nc3 Nf6 10. Qe2 Nxd5 11. Nxd5 Qxd5 12. Rb1 Qxa2 13. d4 Qxb1 14. f5 O-O 15. fxg6 hxg6 16. Bh6 Qxb2 17. Bxg7 Kxg7 18. Qxe7 Bf5 19. Qe5+ Kg8 20. Qf4 cxd4 21. Nxd4 Bd7 22. h4 Rad8 23. Rf2 Bg4 24. Rd2 Qc3 25. Kh2 Qc8 26. Qf6 Qd7 27. Kh1 Rfe8 28. Kg1 Qd6 29. Qf2 Re4 30. c3 Qf4 0-1

[Event "Willowdale CC ch"]
[Site "Toronto CAN"]
[Date "2012.03.06"]
[Round "2"]
[White "Strugach, Alexander"]
[Black "Barron, Michael"]
[Result "0-1"]
[WhiteElo "1972"]
[BlackElo "2262"]
[PlyCount "88"]
[GameId "2160767909572657"]
[EventDate "2012.02.07"]
[EventType "tourn"]
[EventRounds "5"]
[EventCountry "CAN"]

1. e4 e5 2. Nf3 Nc6 3. Bc4 Bc5 4. O-O Nf6 5. d3 O-O 6. Nc3 a6 7. a4 d6 8. Bg5 h6 9. Bh4 Be6 10. Nd5 Bxd5 11. Bxd5 g5 12. Bxc6 bxc6 13. Bg3 Rb8 14. c3 Rxb2 15. Qc1 Rb8 16. Nxg5 hxg5 17. Qxg5+ Kh8 18. Bh4 Nh7 19. Qxd8 Rfxd8 20. Bxd8 Rxd8 21. Rfb1 a5 22. Kf1 Ng5 23. h4 Ne6 24. g3 Kg7 25. Ke2 Rf8 26. Rf1 f5 27. exf5 Rxf5 28. Rab1 Bb6 29. Rb2 Kg6 30. Rxb6 cxb6 31. Rb1 Nc5 32. Rxb6 Nxa4 33. Rxc6 Rf6 34. d4 e4 35. c4 Kf7 36. Rc7+ Ke6 37. Ra7 Nc3+ 38. Kd2 Nb1+ 39. Kc1 Na3 40. c5 Rxf2 41. cxd6 Kxd6 42. Rxa5 Nc4 43. Rc5 e3 44. Kd1 Nb2+ 0-1

[Event "Willowdale CC ch"]
[Site "Toronto CAN"]
[Date "2012.02.21"]
[Round "3"]
[White "Barron, Michael"]
[Black "Chernik, Dmitry"]
[Result "1-0"]
[WhiteElo "2262"]
[BlackElo "2026"]
[PlyCount "79"]
[GameId "2160767909572658"]
[EventDate "2012.02.07"]
[EventType "tourn"]
[EventRounds "5"]
[EventCountry "CAN"]
[SourceTitle "EXT 2022"]
[Source "ChessBase"]
[SourceDate "2021.10.06"]
[SourceVersion "1"]
[SourceVersionDate "2021.10.06"]
[SourceQuality "1"]

1. e4 d6 2. d4 Nf6 3. Nc3 e5 4. dxe5 dxe5 5. Qxd8+ Kxd8 6. Bc4 Ke8 7. f3 c6 8. Be3 Nbd7 9. a3 Bc5 10. Bd2 a5 11. Nge2 h6 12. Nd1 b5 13. Bb3 Bb6 14. Ba2 Nc5 15. b4 Ne6 16. Nb2 Nd4 17. Nxd4 Bxd4 18. c3 Bb6 19. Nd3 axb4 20. Nxe5 Rxa3 21. Bxf7+ Ke7 22. Rxa3 bxa3 23. Bb3 Re8 24. Nxc6+ Kd6 25. Nb4 Be6 26. Bxe6 Kxe6 27. Ke2 Kd6 28. Ra1 Ra8 29. Bc1 Bg1 30. Bf4+ Kc5 31. Rxg1 Kc4 32. Be5 a2 33. Ra1 Nd7 34. Bd4 Ra3 35. Rxa2 Ra4 36. Bxg7 Nc5 37. Rb2 Ra1 38. Nd5 Na4 39. Rb4+ Kc5 40. Rxb5+ 1-0

[Event "Willowdale CC ch"]
[Site "Toronto CAN"]
[Date "2012.02.21"]
[Round "3"]
[White "Frilles, Ruperto"]
[Black "Strugach, Alexander"]
[Result "0-1"]
[WhiteElo "2134"]
[BlackElo "1972"]
[PlyCount "100"]
[GameId "2160767909572659"]
[EventDate "2012.02.07"]
[EventType "tourn"]
[EventRounds "5"]
[EventCountry "CAN"]

1. c4 e5 2. Nc3 Nf6 3. e4 Be7 4. g3 O-O 5. Bg2 Nc6 6. d3 d6 7. h3 Be6 8. Nf3 Nd4 9. Nxd4 exd4 10. Ne2 c5 11. O-O a6 12. f4 Rb8 13. f5 Bd7 14. g4 h6 15. Nf4 Bc6 16. Re1 Nd7 17. a3 Ne5 18. Rf1 Bg5 19. b3 b5 20. Qc2 bxc4 21. bxc4 Qd7 22. f6 Bxf6 23. Nh5 Bg5 24. Bxg5 hxg5 25. Rab1 Ba4 26. Qd2 Qe7 27. Qe2 f6 28. Kh2 Rb7 29. h4 gxh4 30. Nf4 Rxb1 31. Rxb1 g5 32. Nd5 Qe6 33. Bh3 Ng6 34. Qf3 Bc2 35. Rb7 Rf7 36. Rb8+ Kg7 37. Rd8 Ne5 38. Qf5 Qxf5 39. exf5 Bxd3 40. Rxd6 Bxc4 41. Nb6 Be2 42. Na4 Rd7 43. Rb6 c4 44. Nc5 Re7 45. Ne6+ Kh6 46. Nxd4 Bxg4 47. Rxf6+ Kh7 48. Rxa6 Bxh3 49. Kxh3 Nf7 50. Ne6 Re8 0-1

[Event "Willowdale CC ch"]
[Site "Toronto CAN"]
[Date "2012.02.21"]
[Round "3"]
[White "Ivanov, Mike"]
[Black "Zeromskis, Egidijus"]
[Result "0-1"]
[WhiteElo "2196"]
[BlackElo "2247"]
[PlyCount "106"]
[GameId "2160767909572660"]
[EventDate "2012.02.07"]
[EventType "tourn"]
[EventRounds "5"]
[EventCountry "CAN"]
[SourceTitle "EXT 2022"]
[Source "ChessBase"]
[SourceDate "2021.10.06"]
[SourceVersion "1"]
[SourceVersionDate "2021.10.06"]
[SourceQuality "1"]

1. Nc3 Nf6 2. e4 d5 3. exd5 Nxd5 4. Bc4 Nxc3 5. Qf3 e6 6. dxc3 Nc6 7. Bf4 Bd6 8. Rd1 Qe7 9. Bxd6 cxd6 10. Qg3 O-O 11. Qxd6 Qf6 12. Qg3 e5 13. Ne2 Bf5 14. O-O Bxc2 15. Rd2 Bf5 16. Qe3 Rad8 17. Rfd1 Rxd2 18. Rxd2 Rd8 19. Ng3 Bg6 20. Bd5 h6 21. Ne4 Bxe4 22. Bxe4 Rxd2 23. Qxd2 Qd8 24. Qxd8+ Nxd8 25. Kf1 Kf8 26. Ke2 Ke7 27. Kd3 Kd6 28. Kc4 a6 29. a4 b6 30. b4 Ne6 31. Bb7 Nc7 32. Bc8 Kc6 33. Kd3 a5 34. bxa5 bxa5 35. Kc4 Ne8 36. Kd3 Kc5 37. Ba6 Nd6 38. Ke3 f5 39. f4 e4 40. h4 Nc4+ 41. Kf2 Nb6 42. Bb5 Nd5 43. Bd7 Nxc3 44. Bxf5 Kd4 45. g4 Nxa4 46. g5 hxg5 47. fxg5 Ke5 48. Bg6 Kf4 49. h5 e3+ 50. Ke2 Nc3+ 51. Kd3 e2 52. Kd2 Kxg5 53. Bd3 Kxh5 0-1